Southville International School and Colleges
Your cart is empty.
  • Cart
  • Lists
    Public lists Eva Luna New books Lux_list list_1
    Your lists Log in to create your own lists
  • Log in to your account
  • Your cookies
  • Search history
Southville International School and Colleges
  • Advanced search
  • Recent comments
  • Most popular
  • Libraries

Log in to your account

Log in with GOOGLE


If you do not have an external account, but do have a local account, you can still log in:

  1. Home
  2. MARC view: Basic statistics /
Normal view MARC view ISBD view

Basic statistics / (Record no. 13901)

[ view plain ]
MARC details
000 -LEADER
fixed length control field 00554nam a22001817a 4500
003 - CONTROL NUMBER IDENTIFIER
control field OSt
005 - DATE AND TIME OF LATEST TRANSACTION
control field 20140310182510.0
008 - FIXED-LENGTH DATA ELEMENTS--GENERAL INFORMATION
fixed length control field 130808t xxu||||| |||| 00| 0 eng d
020 ## - INTERNATIONAL STANDARD BOOK NUMBER
International Standard Book Number 9789717251684
050 ## - LIBRARY OF CONGRESS CALL NUMBER
Classification number HA 29
Item number .B186 2009
100 ## - MAIN ENTRY--PERSONAL NAME
Personal name Balino, Jovencio T.
9 (RLIN) 8995
245 ## - TITLE STATEMENT
Title Basic statistics /
Statement of responsibility, etc Jovencio T. Balino, Estrelita P. Reyes, Michael T. Villanueva.
260 ## - PUBLICATION, DISTRIBUTION, ETC. (IMPRINT)
Place of publication, distribution, etc Metro Manila :
Name of publisher, distributor, etc Grandbook Publishing,
Date of publication, distribution, etc c2009.
300 ## - PHYSICAL DESCRIPTION
Extent 120 p. ;
Other physical details ill. ;
Dimensions 26 cm.
700 ## - ADDED ENTRY--PERSONAL NAME
Personal name Reyes, Estrelita P.
9 (RLIN) 8996
942 ## - ADDED ENTRY ELEMENTS (KOHA)
Source of classification or shelving scheme Library of Congress Classification
Koha item type
Holdings
Withdrawn status Lost status Source of classification or shelving scheme Damaged status Home library Current library Shelving location Date acquired Total Checkouts Full call number Barcode Date last seen Date checked out Copy number Price effective from Koha item type
    Library of Congress Classification   South SEED-LPDH College Library College Library South SEED-LPDH College Section 08/08/2013 1 HA 29 .B186 2009 SSLC0759 02/20/2019 01/23/2019 1 08/08/2013 Books

Basic statistics /

APA

Balino J. T., Reyes E. P., . (2009). Basic statistics. Metro Manila: Grandbook Publishing.

Chicago

Balino Jovencio T, Reyes Estrelita P, . 2009. Basic statistics. Metro Manila: Grandbook Publishing.

Harvard

Balino J. T., Reyes E. P., . (2009). Basic statistics. Metro Manila: Grandbook Publishing.

MLA

Balino Jovencio T, Reyes Estrelita P, . Basic statistics. Metro Manila: Grandbook Publishing. 2009.

  • Place hold
  • Print
  • Cite
  • Add to your cart (remove)
  • Save record
    BIBTEX Dublin Core MARCXML MARC (non-Unicode/MARC-8) MARC (Unicode/UTF-8) MARC (Unicode/UTF-8, Standard) MODS (XML) RIS
  • More searches
    Search for this title in:
    Other Libraries (WorldCat) Other Databases (Google Scholar) Online Stores (Bookfinder.com) Open Library (openlibrary.org)

Exporting to Dublin Core...

SOUTHVILLE LIBRARY

Southville International School and Colleges Library

1281 Tropical Ave. Cor. Luxembourg St., BF Homes International, Las Pinas City

Tel. No. 8256374 / 252358 Loc. 117/146

Powered by Koha